000 00627nam a2200181Ia 4500
008 100921s9999 xx 000 0 und d
082 _b27101
_a891.468 थ 94
100 _aभावे पुरूषोत्तम भास्कर.
245 _aघणाघात.
260 _bमोरया प्रकाशन, मुंबई.
_c1994
300 _a240
_bरसिक साहित्य,पुणे
365 _b90
520 _aललित-संकीर्ण.
630 _aघणाघात.
650 _aललित-संकीर्ण.
730 _aघणाघात.
942 _cBOOK
999 _c776214
_d776211